Nepali-English, English-Nepali dictionary / (Record no. 108787)
[ view plain ]
| 000 -LEADER | |
|---|---|
| campo de control de longitud fija | 01170cam a2200361Ia 4500 |
| 001 - NÚMERO DE CONTROL | |
| campo de control | 84740 |
| 005 - FECHA Y HORA DE LA ÚLTIMA TRANSACCIÓN | |
| campo de control | 20230411085901.0 |
| 008 - DATOS DE LONGITUD FIJA--INFORMACIÓN GENERAL | |
| campo de control de longitud fija | 920115s1992 nyu d 000 0 eng d |
| 035 ## - NÚMERO DE CONTROL DEL SISTEMA | |
| Número de control de sistema | (OCoLC)ocm25112196 |
| 040 ## - FUENTE DE CATALOGACIÓN | |
| Centro catalogador/agencia de origen | ZQP |
| Centro/agencia transcriptor | ZQP |
| Centro/agencia modificador | SRS |
| -- | OCLCQ |
| -- | NZAUC |
| -- | BAKER |
| -- | YDXCP |
| -- | FN2 |
| -- | CNNOR |
| 020 ## - NÚMERO INTERNACIONAL ESTÁNDAR DEL LIBRO | |
| Número Internacional Estándar del Libro | 0870521063 (pbk.) : |
| Condiciones de disponibilidad | $8.95 |
| 020 ## - NÚMERO INTERNACIONAL ESTÁNDAR DEL LIBRO | |
| Número Internacional Estándar del Libro | 9780870521065 (pbk.) |
| 029 1# - OTRO NÚMERO DE CONTROL DE SISTEMA (OCLC) | |
| Identificador de la biblioteca OCLC | NLGGC |
| Número de control de sistema | 112894488 |
| 029 1# - OTRO NÚMERO DE CONTROL DE SISTEMA (OCLC) | |
| Identificador de la biblioteca OCLC | NZ1 |
| Número de control de sistema | 4537442 |
| 029 1# - OTRO NÚMERO DE CONTROL DE SISTEMA (OCLC) | |
| Identificador de la biblioteca OCLC | AU@ |
| Número de control de sistema | 000010688230 |
| 035 ## - NÚMERO DE CONTROL DEL SISTEMA | |
| Número de control de sistema | (OCoLC)25112196 |
| 041 0# - CÓDIGO DE IDIOMA | |
| Código de lengua del texto/banda sonora o título independiente | engnep |
| 050 14 - SIGNATURA TOPOGRÁFICA DE LA BIBLIOTECA DEL CONGRESO | |
| Número de clasificación | R PK 2597 |
| Número de ítem | R161n 1992 |
| 082 00 - NÚMERO DE LA CLASIFICACIÓN DECIMAL DEWEY | |
| Número de clasificación | 491.4903 |
| 049 ## - FONDOS LOCALES (OCLC) | |
| Biblioteca depositaria | GRAL |
| 100 1# - ENTRADA PRINCIPAL--NOMBRE DE PERSONA | |
| Nombre de persona | Raj, Prakash A. |
| 245 10 - MENCIÓN DEL TÍTULO | |
| Título | Nepali-English, English-Nepali dictionary / |
| Mención de responsabilidad, etc. | Prakash A. Raj. |
| 260 ## - PUBLICACIÓN, DISTRIBUCIÓN, ETC. | |
| Lugar de publicación, distribución, etc. | New York : |
| Nombre del editor, distribuidor, etc. | Hippocrene Books, |
| Fecha de publicación, distribución, etc. | c1992. |
| 300 ## - DESCRIPCIÓN FÍSICA | |
| Extensión | viii, 148 p. ; |
| Dimensiones | 16 cm. |
| 490 0# - MENCIÓN DE SERIE | |
| Mención de serie | Hippocrene concise dictionary. |
| 500 ## - NOTA GENERAL | |
| Nota general | Nepali words in Roman characters. |
| 650 #0 - PUNTO DE ACCESO ADICIONAL DE MATERIA--TÉRMINO DE MATERIA | |
| Término de materia o nombre geográfico como elemento de entrada | Nepali language |
| Subdivisión de forma | Dictionaries |
| Subdivisión general | English. |
| 650 #0 - PUNTO DE ACCESO ADICIONAL DE MATERIA--TÉRMINO DE MATERIA | |
| Término de materia o nombre geográfico como elemento de entrada | English language |
| Subdivisión de forma | Dictionaries |
| Subdivisión general | Nepali. |
| 938 ## - | |
| -- | Baker & Taylor |
| -- | BKTY |
| -- | 8.95 |
| -- | 6.71 |
| -- | 0870521063 |
| -- | 0001961435 |
| -- | active |
| 938 ## - | |
| -- | YBP Library Services |
| -- | YANK |
| -- | 890151 |
| 942 ## - ELEMENTOS DE ENTRADA SECUNDARIOS (KOHA) | |
| Fuente del sistema de clasificación o colocación | Clasificación de Library of Congress |
| Tipo de ítem Koha | |
| 994 ## - | |
| -- | C0 |
| -- | DRFGD |
| Estatus retirado | Estado de pérdida | Fuente del sistema de clasificación o colocación | Estado de daño | No para préstamo | Colección | Biblioteca de origen | Biblioteca actual | Ubicación en estantería | Fecha de adquisición | Signatura topográfica completa | Código de barras | Visto por última vez | Copia número | Tipo de ítem Koha |
|---|---|---|---|---|---|---|---|---|---|---|---|---|---|---|
| Clasificación de Library of Congress | Referencia | Biblioteca Juan Bosch | Biblioteca Juan Bosch | Referencia (1er. Piso) | 11/04/2023 | R PK 2597 R161n 1992 | 00000080229 | 17/02/2019 | 1 |
